000 00422nam a22001817a 4500
003 MPLRDC
005 20220104123822.0
008 210129b ||||| |||| 00| 0 eng d
082 _a019 JGDC
100 _a加古德次著
245 _a超速的奇迹速读法
_c
250 _a再版
260 _a
_b国丰文化出版社
_c1992
300 _b
490 _a智慧文库
650 _a
942 _cBK
_o019 JGDC
999 _c14445
_d14435